000
00318nam a22001457a 4500
008
210312b ||||| |||| 00| 0 eng d
020
_a
9780742519060
041
_a
eng
080
_a
32
082
_a
32
100
_a
19
101
_a
SHP
245
_a
The nightly News Nightmare
_c
Farnsworth,J.S
942
_2
udc
_c
BK
999
_c
56550
_d
56550